LEADER 04120oam 22008294a 450 001 996328038703316 005 20221206105025.0 010 $a0-520-96888-3 024 7 $a10.1525/9780520968882 035 $a(CKB)4100000003666483 035 $a(DE-B1597)539698 035 $a(OCoLC)1003269042 035 $a(DE-B1597)9780520968882 035 $a(MdBmJHUP)muse72982 035 $a(ScCtBLL)a1426a3a-baac-490b-bd7a-b8623cade90e 035 $a(EXLCZ)994100000003666483 100 $a20170824h20182018 uy 0 101 0 $aeng 135 $aurm|#---||||| 181 $ctxt$2rdacontent 182 $cc$2rdamedia 183 $acr$2rdacarrier 200 14$aThe Hegemony of Heritage$eRitual and the Record in Stone /$fDeborah L. Stein 210 1$aBerkeley, CA : $cUniversity of California Press, $d[2018] 210 4$d©2018 215 $a1 online resource (xviii, 316 pages) $cillustrations; PDF, digital file(s) 225 0 $aSouth Asia Across the Disciplines 311 08$aPrint version: 9780520296336 320 $aIncludes bibliographical references and index. 327 $aIntroduction : the Hindu Temple in diachronic context -- Temple as geographic marker : mapping the tenth-century Sectarian landscape -- Temple as catalyst : renovation and religious merit in the field -- Temple as royal abode : the regal, the real, and the ideal in fifteenth-century Mewr -- Temple as palimpsest : icons and temples in the Sultanate era -- Temple as ritual center : tenth-century traces of ritual and the record in stone -- Temple as praxis : agency in the field in Southern Rajasthan -- Temple as legal body : aesthetics and the legislation of antiquity -- Conclusion heritage and conflict : Medieval Indian Temple as commodified. 330 $a"The Hegemony of Heritage makes an original and significant contribution to our understanding of how architectural objects and societies' relationship to the built environment change over time. Using the pairing of two living medieval monuments in Southern Rajasthan--the Ambika Temple in Jagat, Rajasthan, and the E?kalingji Temple Complex in Kailaspuri--the author underscores many aspects of practice and avoids focusing simply on their divergent sectarian affiliations or patronage structures. This book offers new and extremely valuable questions about these important monuments, such as the entangled politics of antiquity and whether a monument's ritual record is affirmed as continuous and hence hoary, or dismissed as discontinuous or reinvented through various strategies. The Hegemony of Heritage engages theoretical constructs with the richness of ethnographic description and asks us to rethink notions such as archive and text through the filter of sculpture and mantra."--Provided by publisher. 410 0$aSouth Asia across the disciplines. 606 $aHindu sculpture$zIndia$zRajasthan 606 $aHindu architecture$zIndia$zRajasthan 606 $aHindu temples$zIndia$zRajasthan 608 $aElectronic books. 610 $aambika temple. 610 $aantiquity. 610 $aarchitecture. 610 $aarchive. 610 $aasian history. 610 $acommon practice. 610 $aeklingji temple. 610 $aentangled politics. 610 $aenvironment. 610 $aethnographic description. 610 $ahistory of hinduism. 610 $aimportant monuments. 610 $aindia history. 610 $ajagat. 610 $akailashpuri. 610 $amantra. 610 $amedieval. 610 $amonuments. 610 $apatronage structures. 610 $arajasthan. 610 $arituals. 610 $asculpture. 610 $asectarian affiliations. 610 $asocieties. 610 $atheoretical constructs. 615 0$aHindu sculpture 615 0$aHindu architecture 615 0$aHindu temples 676 $a720.954 700 $aStein$b Deborah L.$f1975-$01025164 801 0$bMdBmJHUP 801 1$bMdBmJHUP 906 $aBOOK 912 $a996328038703316 996 $aThe Hegemony of Heritage$92437183 997 $aUNISA LEADER 02908nam0 2200517 i 450 001 VAN00125037 005 20240806100817.864 017 70$2N$a9783319994895 100 $a20191029d2018 |0itac50 ba 101 $aeng 102 $aCH 105 $a|||| ||||| 200 1 $aˆThe ‰Lower Algebraic K-Theory of Virtually Cyclic Subgroups of the Braid Groups of the Sphere and of ZB4(S2)$fJohn Guaschi, Daniel Juan-Pineda, Silvia Millán López 210 $aCham$cSpringer$d2018 215 $ax, 80 p.$cill.$d24 cm 410 1$1001VAN00102596$12001 $aSpringerBriefs in mathematics$1210 $aBerlin [etc.]$cSpringer$d2011- 500 1$3VAN00236544$aˆThe ‰Lower Algebraic K-Theory of Virtually Cyclic Subgroups of the Braid Groups of the Sphere and of ZB4(S2)$91563804 606 $a13D15$xGrothendieck groups, $K$-theory and commutative rings [MSC 2020]$3VANC029549$2MF 606 $a14C35$xApplications of methods of algebraic K-theory in algebraic geometry [MSC 2020]$3VANC023930$2MF 606 $a16S34$xGroup rings, Laurent polynomial rings (associative algebraic aspects) [MSC 2020]$3VANC028265$2MF 606 $a18F25$xAlgebraic K-theory and L-theory (category-theoretic aspects) [MSC 2020]$3VANC024049$2MF 606 $a19A31$x$K_0$ of group rings and orders [MSC 2020]$3VANC030740$2MF 606 $a19B28$x$K_1$ of group rings and orders [MSC 2020]$3VANC030739$2MF 606 $a20C05$xGroup rings of finite groups and their modules (group-theoretic aspects) [MSC 2020]$3VANC022062$2MF 606 $a20E45$xConjugacy classes for groups [MSC 2020]$3VANC020811$2MF 606 $a20F36$xBraid groups; Artin groups [MSC 2020]$3VANC020910$2MF 606 $a20Gxx$xLinear algebraic groups and related topics [MSC 2020]$3VANC020590$2MF 610 $aBraid groups of the sphere$9KW:K 610 $aComputation of lower K-groups$9KW:K 610 $aLower algebraic K-theory$9KW:K 610 $aNil groups$9KW:K 610 $aSurface braid groups$9KW:K 610 $aVirtually cyclic groups$9KW:K 620 $aCH$dCham$3VANL001889 700 1$aGuaschi$bJohn$3VANV096491$0767918 701 1$aJuan-Pineda$bDaniel$3VANV096492$0767919 701 1$aMillán López$bSilvia$3VANV096493$0767920 712 $aSpringer $3VANV108073$4650 801 $aIT$bSOL$c20241115$gRICA 856 4 $uhttp://doi.org/10.1007/978-3-319-99489-5$zE-book ? Accesso al full-text attraverso riconoscimento IP di Ateneo, proxy e/o Shibboleth 899 $aBIBLIOTECA DEL DIPARTIMENTO DI MATEMATICA E FISICA$1IT-CE0120$2VAN08 912 $fN 912 $aVAN00125037 950 $aBIBLIOTECA DEL DIPARTIMENTO DI MATEMATICA E FISICA$d08DLOAD e-book 1414 $e08eMF1414 20191029 996 $aLower Algebraic K-Theory of Virtually Cyclic Subgroups of the Braid Groups of the Sphere and of ZB4(S2)$91563804 997 $aUNICAMPANIA